000 00405nam a2200181Ia 4500
001 2295
005 20250626024127.0
008 211022s9999 xx 000 0 und d
020 _a1851704469
082 _a746.09 GIN
100 _aGinsburg, Madeleine
245 0 _aIllustrated history of Textiles
260 _aLondon
260 _bStudio Editions
260 _c1993
300 _a224
942 _cBK
999 _c1941
_d1941